A porosz középfokú női oktatás felolvasás a Magyar Paedagogiai Társaságban 1913. május 17-én /

Elmentve itt :
Bibliográfiai részletek
Szerző: Bittenbinder Miklós
Dokumentumtípus: Cikk
Megjelent: 1914
Sorozat:Magyar pedagógia : a Magyar Tudományos Akadémia Pedagógiai Bizottságának folyóirata 23
Kulcsszavak:Nőnevelés története Poroszország 1913, Poroszország oktatásügye
Online Access:http://misc.bibl.u-szeged.hu/9289
LEADER 00782nab a2200181 i 4500
001 misc9289
005 20191106143522.0
008 170607s1914 hu o 0|| hun d
022 |a 0025-0260 
040 |a SZTE Miscellanea Repozitórium  |b hun 
041 |a hun 
100 1 |a Bittenbinder Miklós 
245 1 2 |a A porosz középfokú női oktatás   |h [elektronikus dokumentum] :  |b felolvasás a Magyar Paedagogiai Társaságban 1913. május 17-én /  |c  Bittenbinder Miklós 
260 |c 1914 
300 |a 352-362 
490 0 |a Magyar pedagógia : a Magyar Tudományos Akadémia Pedagógiai Bizottságának folyóirata  |v 23 
695 |a Nőnevelés története Poroszország 1913, Poroszország oktatásügye 
856 4 0 |u http://misc.bibl.u-szeged.hu/9289/1/mp_1914_2055_352-362.pdf  |z Dokumentum-elérés